00758nam a2200241 a 4500001001300000003000900013005001700022008004100039020002300080082001900103100002100122245003800143260004000181300000900221500003500230505003900265650002200304700002100326902000800347942000700355952013700362999001700499nice12345678IN_TiNIC20260116014950.0050524s2000 cama grp 000 0 eng  a0718803 c10000a500.80297bDIE aDien, Mawil Lzzi aEnvironmental Dimensions of Islam aCambridgebLutherworth Press c2000 a191p aincludes index and biblioraphy2 aElementary Grammar of the Language aIslam and Science1 aDien, Mawil Lzzi bSRC cBK 001040708StackRoom-aHMIbHMId2013-05-21g100.00l2m2o500.80297 DIEp11001012r2019-10-17s2019-08-20v100.00w2005-05-24yBK c17751d17751